| 000 | 00375 a2200157 4500 | ||
|---|---|---|---|
| 003 | Nust | ||
| 005 | 20221205123837.0 | ||
| 040 | _cNust | ||
| 082 | _a230,KHA | ||
| 100 | _aKhan, Abdul Waheed | ||
| 245 |
_aWhat western scholars say about trinity / _cAbdul Waheed Khan |
||
| 260 | _bKarich | ||
| 300 | _a62 p | ||
| 650 |
_aChristianity _9104129 |
||
| 942 |
_2ddc _cBK _k230,KHA |
||
| 999 |
_c188863 _d188863 |
||